<?xml version="1.0" encoding="UTF-8"?>
<record
    xmlns:xsi="http://www.w3.org/2001/XMLSchema-instance"
    xsi:schemaLocation="http://www.loc.gov/MARC21/slim http://www.loc.gov/standards/marcxml/schema/MARC21slim.xsd"
    xmlns="http://www.loc.gov/MARC21/slim">

  <leader>00910nas a2200265 454500</leader>
  <controlfield tag="001">13346</controlfield>
  <controlfield tag="005">20260407193504.0</controlfield>
  <controlfield tag="008">260407s1976####ag###########|||spa#d</controlfield>
  <controlfield tag="003">AR-UNSa-BCEJYS</controlfield>
  <datafield tag="040" ind1=" " ind2=" ">
    <subfield code="a">AR-UNSa-BCEJYS</subfield>
    <subfield code="b">spa</subfield>
    <subfield code="c">AR-UNSa-BCEJYS</subfield>
  </datafield>
  <datafield tag="080" ind1=" " ind2=" ">
    <subfield code="a">330</subfield>
    <subfield code="x">Econom&#xED;a en general</subfield>
  </datafield>
  <datafield tag="245" ind1="1" ind2="0">
    <subfield code="a">European economic review</subfield>
  </datafield>
  <datafield tag="022" ind1=" " ind2=" ">
    <subfield code="a">0014-2921</subfield>
  </datafield>
  <datafield tag="264" ind1=" " ind2="1">
    <subfield code="a">Amsterdam :</subfield>
    <subfield code="b">North Holland</subfield>
    <subfield code="c">1976</subfield>
  </datafield>
  <datafield tag="310" ind1=" " ind2=" ">
    <subfield code="a">Frecuencia: Irregular
Colecci&#xF3;n cerrada</subfield>
  </datafield>
  <datafield tag="505" ind1=" " ind2=" ">
    <subfield code="a">Acceso a texto completo brindado por el Ministerio de Ciencia, Tecnolog&#xED;a e Innovaci&#xF3;n productiva</subfield>
  </datafield>
  <datafield tag="942" ind1=" " ind2=" ">
    <subfield code="c">SER</subfield>
  </datafield>
  <datafield tag="590" ind1=" " ind2=" ">
    <subfield code="a">niveau_biblio:s niveau_hierar:1</subfield>
  </datafield>
  <datafield tag="100" ind1="1" ind2=" ">
    <subfield code="a">Waelbroeck, Jean</subfield>
  </datafield>
  <datafield tag="700" ind1="1" ind2=" ">
    <subfield code="a">Glejser, Herbert</subfield>
  </datafield>
  <datafield tag="650" ind1=" " ind2=" ">
    <subfield code="a">Investigaci&#xF3;n econ&#xF3;mica</subfield>
  </datafield>
  <datafield tag="650" ind1=" " ind2=" ">
    <subfield code="a">Europa</subfield>
  </datafield>
  <datafield tag="650" ind1=" " ind2=" ">
    <subfield code="a">ECONOMIA</subfield>
  </datafield>
  <datafield tag="856" ind1="4" ind2="1">
    <subfield code="u">https://biblioeco.unsa.edu.ar/pmb/images/revistas/European Economic Review.jpg</subfield>
    <subfield code="y">Imagen de portada</subfield>
    <subfield code="q">image/jpeg</subfield>
  </datafield>
  <datafield tag="999" ind1=" " ind2=" ">
    <subfield code="c">8459</subfield>
    <subfield code="d">8459</subfield>
  </datafield>
  <datafield tag="952" ind1=" " ind2=" ">
    <subfield code="0">0</subfield>
    <subfield code="1">0</subfield>
    <subfield code="4">0</subfield>
    <subfield code="7">0</subfield>
    <subfield code="a">BCEJYS</subfield>
    <subfield code="b">BCEJYS</subfield>
    <subfield code="c">17</subfield>
    <subfield code="d">1983-01-01</subfield>
    <subfield code="h">Vol. 20, N&#xBA;1/3 - ene. 1983</subfield>
    <subfield code="l">0</subfield>
    <subfield code="o">H330 EUR v20.n1/3</subfield>
    <subfield code="p">R10128</subfield>
    <subfield code="r">2026-04-10 16:07:20</subfield>
    <subfield code="w">2026-04-10</subfield>
    <subfield code="y">RN</subfield>
  </datafield>
  <datafield tag="952" ind1=" " ind2=" ">
    <subfield code="0">0</subfield>
    <subfield code="1">0</subfield>
    <subfield code="4">0</subfield>
    <subfield code="7">0</subfield>
    <subfield code="a">BCEJYS</subfield>
    <subfield code="b">BCEJYS</subfield>
    <subfield code="c">17</subfield>
    <subfield code="d">1982-10-01</subfield>
    <subfield code="h">Vol. 19, N&#xBA; 2/3 - oct. 1982</subfield>
    <subfield code="l">0</subfield>
    <subfield code="o">H330 EUR v19.n2/3</subfield>
    <subfield code="p">R06513</subfield>
    <subfield code="r">2026-04-10 16:07:20</subfield>
    <subfield code="w">2026-04-10</subfield>
    <subfield code="y">RN</subfield>
  </datafield>
  <datafield tag="952" ind1=" " ind2=" ">
    <subfield code="0">0</subfield>
    <subfield code="1">0</subfield>
    <subfield code="4">0</subfield>
    <subfield code="7">0</subfield>
    <subfield code="a">BCEJYS</subfield>
    <subfield code="b">BCEJYS</subfield>
    <subfield code="c">17</subfield>
    <subfield code="d">1982-09-01</subfield>
    <subfield code="h">Vol. 19, N&#xBA; 1 - set. 1982</subfield>
    <subfield code="l">0</subfield>
    <subfield code="o">H330 EUR v19.n1</subfield>
    <subfield code="p">R06514</subfield>
    <subfield code="r">2026-04-10 16:07:20</subfield>
    <subfield code="w">2026-04-10</subfield>
    <subfield code="y">RN</subfield>
  </datafield>
  <datafield tag="952" ind1=" " ind2=" ">
    <subfield code="0">0</subfield>
    <subfield code="1">0</subfield>
    <subfield code="4">0</subfield>
    <subfield code="7">0</subfield>
    <subfield code="a">BCEJYS</subfield>
    <subfield code="b">BCEJYS</subfield>
    <subfield code="c">17</subfield>
    <subfield code="d">1982-07-01</subfield>
    <subfield code="h">Vol. 18, N&#xBA; 3 - jul. 1982</subfield>
    <subfield code="l">0</subfield>
    <subfield code="o">H330 EUR v18.n3</subfield>
    <subfield code="p">R06512</subfield>
    <subfield code="r">2026-04-10 16:07:20</subfield>
    <subfield code="w">2026-04-10</subfield>
    <subfield code="y">RN</subfield>
  </datafield>
  <datafield tag="952" ind1=" " ind2=" ">
    <subfield code="0">0</subfield>
    <subfield code="1">0</subfield>
    <subfield code="4">0</subfield>
    <subfield code="7">0</subfield>
    <subfield code="a">BCEJYS</subfield>
    <subfield code="b">BCEJYS</subfield>
    <subfield code="c">17</subfield>
    <subfield code="d">1982-05-01</subfield>
    <subfield code="h">Vol. 18, N&#xBA; 1/2 - may./jun. 1982</subfield>
    <subfield code="l">0</subfield>
    <subfield code="o">H330 EUR v18.n1/2</subfield>
    <subfield code="p">R06511</subfield>
    <subfield code="r">2026-04-10 16:07:20</subfield>
    <subfield code="w">2026-04-10</subfield>
    <subfield code="y">RN</subfield>
  </datafield>
  <datafield tag="952" ind1=" " ind2=" ">
    <subfield code="0">0</subfield>
    <subfield code="1">0</subfield>
    <subfield code="4">0</subfield>
    <subfield code="7">0</subfield>
    <subfield code="a">BCEJYS</subfield>
    <subfield code="b">BCEJYS</subfield>
    <subfield code="c">17</subfield>
    <subfield code="d">1982-03-01</subfield>
    <subfield code="h">Vol. 17, N&#xBA; 3 - mar. 1982</subfield>
    <subfield code="l">0</subfield>
    <subfield code="o">H330 EUR v17.n3</subfield>
    <subfield code="p">R06510</subfield>
    <subfield code="r">2026-04-10 16:07:20</subfield>
    <subfield code="w">2026-04-10</subfield>
    <subfield code="y">RN</subfield>
  </datafield>
  <datafield tag="952" ind1=" " ind2=" ">
    <subfield code="0">0</subfield>
    <subfield code="1">0</subfield>
    <subfield code="4">0</subfield>
    <subfield code="7">0</subfield>
    <subfield code="a">BCEJYS</subfield>
    <subfield code="b">BCEJYS</subfield>
    <subfield code="c">17</subfield>
    <subfield code="d">1982-02-01</subfield>
    <subfield code="h">Vol. 17, N&#xBA; 2 - feb. 1982</subfield>
    <subfield code="l">0</subfield>
    <subfield code="o">H330 EUR v17.n2</subfield>
    <subfield code="p">R06509</subfield>
    <subfield code="r">2026-04-10 16:07:20</subfield>
    <subfield code="w">2026-04-10</subfield>
    <subfield code="y">RN</subfield>
  </datafield>
  <datafield tag="952" ind1=" " ind2=" ">
    <subfield code="0">0</subfield>
    <subfield code="1">0</subfield>
    <subfield code="4">0</subfield>
    <subfield code="7">0</subfield>
    <subfield code="a">BCEJYS</subfield>
    <subfield code="b">BCEJYS</subfield>
    <subfield code="c">17</subfield>
    <subfield code="d">1982-01-01</subfield>
    <subfield code="h">Vol. 17, N&#xBA; 1 - ene. 1982</subfield>
    <subfield code="l">0</subfield>
    <subfield code="o">H330 EUR v17.n1</subfield>
    <subfield code="p">R06508</subfield>
    <subfield code="r">2026-04-10 16:07:20</subfield>
    <subfield code="w">2026-04-10</subfield>
    <subfield code="y">RN</subfield>
  </datafield>
  <datafield tag="952" ind1=" " ind2=" ">
    <subfield code="0">0</subfield>
    <subfield code="1">0</subfield>
    <subfield code="4">0</subfield>
    <subfield code="7">0</subfield>
    <subfield code="a">BCEJYS</subfield>
    <subfield code="b">BCEJYS</subfield>
    <subfield code="c">17</subfield>
    <subfield code="d">1981-06-01</subfield>
    <subfield code="h">Vol. 16, N&#xBA; 2/3 - jun./jul. 1981</subfield>
    <subfield code="l">0</subfield>
    <subfield code="o">H330 EUR v16.n2/3</subfield>
    <subfield code="p">R06507</subfield>
    <subfield code="r">2026-04-10 16:07:20</subfield>
    <subfield code="w">2026-04-10</subfield>
    <subfield code="y">RN</subfield>
  </datafield>
  <datafield tag="952" ind1=" " ind2=" ">
    <subfield code="0">0</subfield>
    <subfield code="1">0</subfield>
    <subfield code="4">0</subfield>
    <subfield code="7">0</subfield>
    <subfield code="a">BCEJYS</subfield>
    <subfield code="b">BCEJYS</subfield>
    <subfield code="c">17</subfield>
    <subfield code="d">1981-05-01</subfield>
    <subfield code="h">Vol. 16, N&#xBA; 1 - may. 1981</subfield>
    <subfield code="l">0</subfield>
    <subfield code="o">H330 EUR v16.n1</subfield>
    <subfield code="p">R06506</subfield>
    <subfield code="r">2026-04-10 16:07:20</subfield>
    <subfield code="w">2026-04-10</subfield>
    <subfield code="y">RN</subfield>
  </datafield>
  <datafield tag="952" ind1=" " ind2=" ">
    <subfield code="0">0</subfield>
    <subfield code="1">0</subfield>
    <subfield code="4">0</subfield>
    <subfield code="7">0</subfield>
    <subfield code="a">BCEJYS</subfield>
    <subfield code="b">BCEJYS</subfield>
    <subfield code="c">17</subfield>
    <subfield code="d">1981-03-01</subfield>
    <subfield code="h">Vol. 15, N&#xBA; 3 - mar.1981</subfield>
    <subfield code="l">0</subfield>
    <subfield code="o">H330 EUR v15.n3</subfield>
    <subfield code="p">R06505</subfield>
    <subfield code="r">2026-04-10 16:07:20</subfield>
    <subfield code="w">2026-04-10</subfield>
    <subfield code="y">RN</subfield>
  </datafield>
  <datafield tag="952" ind1=" " ind2=" ">
    <subfield code="0">0</subfield>
    <subfield code="1">0</subfield>
    <subfield code="4">0</subfield>
    <subfield code="7">0</subfield>
    <subfield code="a">BCEJYS</subfield>
    <subfield code="b">BCEJYS</subfield>
    <subfield code="c">17</subfield>
    <subfield code="d">1981-02-01</subfield>
    <subfield code="h">Vol. 15, N&#xBA; 2 - feb. 1981</subfield>
    <subfield code="l">0</subfield>
    <subfield code="o">H330 EUR v15.n2</subfield>
    <subfield code="p">R06504</subfield>
    <subfield code="r">2026-04-10 16:07:20</subfield>
    <subfield code="w">2026-04-10</subfield>
    <subfield code="y">RN</subfield>
  </datafield>
  <datafield tag="952" ind1=" " ind2=" ">
    <subfield code="0">0</subfield>
    <subfield code="1">0</subfield>
    <subfield code="4">0</subfield>
    <subfield code="7">0</subfield>
    <subfield code="a">BCEJYS</subfield>
    <subfield code="b">BCEJYS</subfield>
    <subfield code="c">17</subfield>
    <subfield code="d">1981-01-01</subfield>
    <subfield code="h">Vol. 15, N&#xBA; 1 - ene. 1981</subfield>
    <subfield code="l">0</subfield>
    <subfield code="o">H330 EUR v15.n1</subfield>
    <subfield code="p">R06503</subfield>
    <subfield code="r">2026-04-10 16:07:20</subfield>
    <subfield code="w">2026-04-10</subfield>
    <subfield code="y">RN</subfield>
  </datafield>
  <datafield tag="952" ind1=" " ind2=" ">
    <subfield code="0">0</subfield>
    <subfield code="1">0</subfield>
    <subfield code="4">0</subfield>
    <subfield code="7">0</subfield>
    <subfield code="a">BCEJYS</subfield>
    <subfield code="b">BCEJYS</subfield>
    <subfield code="c">17</subfield>
    <subfield code="d">1980-11-01</subfield>
    <subfield code="h">Vol. 14, N&#xBA; 3 - nov. 1980</subfield>
    <subfield code="l">0</subfield>
    <subfield code="o">H330 EUR v14.n3</subfield>
    <subfield code="p">R06502</subfield>
    <subfield code="r">2026-04-10 16:07:20</subfield>
    <subfield code="w">2026-04-10</subfield>
    <subfield code="y">RN</subfield>
  </datafield>
  <datafield tag="952" ind1=" " ind2=" ">
    <subfield code="0">0</subfield>
    <subfield code="1">0</subfield>
    <subfield code="4">0</subfield>
    <subfield code="7">0</subfield>
    <subfield code="a">BCEJYS</subfield>
    <subfield code="b">BCEJYS</subfield>
    <subfield code="c">17</subfield>
    <subfield code="d">1980-09-01</subfield>
    <subfield code="h">Vol. 14, N&#xBA; 2 - set. 1980</subfield>
    <subfield code="l">0</subfield>
    <subfield code="o">H330 EUR v14.n2</subfield>
    <subfield code="p">R06501</subfield>
    <subfield code="r">2026-04-10 16:07:20</subfield>
    <subfield code="w">2026-04-10</subfield>
    <subfield code="y">RN</subfield>
  </datafield>
  <datafield tag="952" ind1=" " ind2=" ">
    <subfield code="0">0</subfield>
    <subfield code="1">0</subfield>
    <subfield code="4">0</subfield>
    <subfield code="7">0</subfield>
    <subfield code="a">BCEJYS</subfield>
    <subfield code="b">BCEJYS</subfield>
    <subfield code="c">17</subfield>
    <subfield code="d">1980-07-01</subfield>
    <subfield code="h">Vol. 14, N&#xBA; 1 - jul. 1980</subfield>
    <subfield code="l">0</subfield>
    <subfield code="o">H330 EUR v14.n1</subfield>
    <subfield code="p">R06500</subfield>
    <subfield code="r">2026-04-10 16:07:20</subfield>
    <subfield code="w">2026-04-10</subfield>
    <subfield code="y">RN</subfield>
  </datafield>
  <datafield tag="952" ind1=" " ind2=" ">
    <subfield code="0">0</subfield>
    <subfield code="1">0</subfield>
    <subfield code="4">0</subfield>
    <subfield code="7">0</subfield>
    <subfield code="a">BCEJYS</subfield>
    <subfield code="b">BCEJYS</subfield>
    <subfield code="c">17</subfield>
    <subfield code="d">1980-05-01</subfield>
    <subfield code="h">Vol. 13, N&#xBA; 3 - may. 1980</subfield>
    <subfield code="l">0</subfield>
    <subfield code="o">H330 EUR v13.n3</subfield>
    <subfield code="p">R06498</subfield>
    <subfield code="r">2026-04-10 16:07:20</subfield>
    <subfield code="w">2026-04-10</subfield>
    <subfield code="y">RN</subfield>
  </datafield>
  <datafield tag="952" ind1=" " ind2=" ">
    <subfield code="0">0</subfield>
    <subfield code="1">0</subfield>
    <subfield code="4">0</subfield>
    <subfield code="7">0</subfield>
    <subfield code="a">BCEJYS</subfield>
    <subfield code="b">BCEJYS</subfield>
    <subfield code="c">17</subfield>
    <subfield code="d">1980-03-01</subfield>
    <subfield code="h">Vol. 13, N&#xBA; 2 - mar. 1980</subfield>
    <subfield code="l">0</subfield>
    <subfield code="o">H330 EUR v13.n2</subfield>
    <subfield code="p">R06499</subfield>
    <subfield code="r">2026-04-10 16:07:20</subfield>
    <subfield code="w">2026-04-10</subfield>
    <subfield code="y">RN</subfield>
  </datafield>
  <datafield tag="952" ind1=" " ind2=" ">
    <subfield code="0">0</subfield>
    <subfield code="1">0</subfield>
    <subfield code="4">0</subfield>
    <subfield code="7">0</subfield>
    <subfield code="a">BCEJYS</subfield>
    <subfield code="b">BCEJYS</subfield>
    <subfield code="c">17</subfield>
    <subfield code="d">1980-01-01</subfield>
    <subfield code="h">Vol. 13, N&#xBA; 1 - ene. 1980</subfield>
    <subfield code="l">0</subfield>
    <subfield code="o">H330 EUR v13.n1</subfield>
    <subfield code="p">R06497</subfield>
    <subfield code="r">2026-04-10 16:07:20</subfield>
    <subfield code="w">2026-04-10</subfield>
    <subfield code="y">RN</subfield>
  </datafield>
  <datafield tag="952" ind1=" " ind2=" ">
    <subfield code="0">0</subfield>
    <subfield code="1">0</subfield>
    <subfield code="4">0</subfield>
    <subfield code="7">0</subfield>
    <subfield code="a">BCEJYS</subfield>
    <subfield code="b">BCEJYS</subfield>
    <subfield code="c">17</subfield>
    <subfield code="d">1979-10-01</subfield>
    <subfield code="h">Vol. 12, N&#xBA; 4 - oct. 1979</subfield>
    <subfield code="l">0</subfield>
    <subfield code="o">H330 EUR v12.n4</subfield>
    <subfield code="p">R06496</subfield>
    <subfield code="r">2026-04-10 16:07:20</subfield>
    <subfield code="w">2026-04-10</subfield>
    <subfield code="y">RN</subfield>
  </datafield>
  <datafield tag="952" ind1=" " ind2=" ">
    <subfield code="0">0</subfield>
    <subfield code="1">0</subfield>
    <subfield code="4">0</subfield>
    <subfield code="7">0</subfield>
    <subfield code="a">BCEJYS</subfield>
    <subfield code="b">BCEJYS</subfield>
    <subfield code="c">17</subfield>
    <subfield code="d">1979-10-01</subfield>
    <subfield code="h">Vol. 12, N&#xBA; 4 - oct. 1979</subfield>
    <subfield code="l">0</subfield>
    <subfield code="o">H330 EUR v12.n4 Ej.2</subfield>
    <subfield code="p">R06487</subfield>
    <subfield code="r">2026-04-10 16:07:20</subfield>
    <subfield code="w">2026-04-10</subfield>
    <subfield code="y">RN</subfield>
  </datafield>
  <datafield tag="952" ind1=" " ind2=" ">
    <subfield code="0">0</subfield>
    <subfield code="1">0</subfield>
    <subfield code="4">0</subfield>
    <subfield code="7">0</subfield>
    <subfield code="a">BCEJYS</subfield>
    <subfield code="b">BCEJYS</subfield>
    <subfield code="c">17</subfield>
    <subfield code="d">1979-07-01</subfield>
    <subfield code="h">Vol. 12, N&#xBA; 3 - jul. 1979</subfield>
    <subfield code="l">0</subfield>
    <subfield code="o">H330 EUR v12.n3</subfield>
    <subfield code="p">R06495</subfield>
    <subfield code="r">2026-04-10 16:07:20</subfield>
    <subfield code="w">2026-04-10</subfield>
    <subfield code="y">RN</subfield>
  </datafield>
  <datafield tag="952" ind1=" " ind2=" ">
    <subfield code="0">0</subfield>
    <subfield code="1">0</subfield>
    <subfield code="4">0</subfield>
    <subfield code="7">0</subfield>
    <subfield code="a">BCEJYS</subfield>
    <subfield code="b">BCEJYS</subfield>
    <subfield code="c">17</subfield>
    <subfield code="d">1979-07-01</subfield>
    <subfield code="h">Vol. 12, N&#xBA; 3 - jul. 1979</subfield>
    <subfield code="l">0</subfield>
    <subfield code="o">H330 EUR v12.n3 Ej.2</subfield>
    <subfield code="p">R06494</subfield>
    <subfield code="r">2026-04-10 16:07:20</subfield>
    <subfield code="w">2026-04-10</subfield>
    <subfield code="y">RN</subfield>
  </datafield>
  <datafield tag="952" ind1=" " ind2=" ">
    <subfield code="0">0</subfield>
    <subfield code="1">0</subfield>
    <subfield code="4">0</subfield>
    <subfield code="7">0</subfield>
    <subfield code="a">BCEJYS</subfield>
    <subfield code="b">BCEJYS</subfield>
    <subfield code="c">17</subfield>
    <subfield code="d">1979-04-01</subfield>
    <subfield code="h">Vol. 12, N&#xBA; 2 - abr. 1979</subfield>
    <subfield code="l">0</subfield>
    <subfield code="o">H330 EUR v12.n2</subfield>
    <subfield code="p">R06492</subfield>
    <subfield code="r">2026-04-10 16:07:20</subfield>
    <subfield code="w">2026-04-10</subfield>
    <subfield code="y">RN</subfield>
  </datafield>
  <datafield tag="952" ind1=" " ind2=" ">
    <subfield code="0">0</subfield>
    <subfield code="1">0</subfield>
    <subfield code="4">0</subfield>
    <subfield code="7">0</subfield>
    <subfield code="a">BCEJYS</subfield>
    <subfield code="b">BCEJYS</subfield>
    <subfield code="c">17</subfield>
    <subfield code="d">1979-04-01</subfield>
    <subfield code="h">Vol. 12, N&#xBA; 2 - abr. 1979</subfield>
    <subfield code="l">0</subfield>
    <subfield code="o">H330 EUR v12.n2 Ej.2</subfield>
    <subfield code="p">R06493</subfield>
    <subfield code="r">2026-04-10 16:07:20</subfield>
    <subfield code="w">2026-04-10</subfield>
    <subfield code="y">RN</subfield>
  </datafield>
  <datafield tag="952" ind1=" " ind2=" ">
    <subfield code="0">0</subfield>
    <subfield code="1">0</subfield>
    <subfield code="4">0</subfield>
    <subfield code="7">0</subfield>
    <subfield code="a">BCEJYS</subfield>
    <subfield code="b">BCEJYS</subfield>
    <subfield code="c">17</subfield>
    <subfield code="d">1979-02-01</subfield>
    <subfield code="h">Vol. 12, N&#xBA; 1 - feb. 1979</subfield>
    <subfield code="l">0</subfield>
    <subfield code="o">H330 EUR v12.n1</subfield>
    <subfield code="p">R06490</subfield>
    <subfield code="r">2026-04-10 16:07:20</subfield>
    <subfield code="w">2026-04-10</subfield>
    <subfield code="y">RN</subfield>
  </datafield>
  <datafield tag="952" ind1=" " ind2=" ">
    <subfield code="0">0</subfield>
    <subfield code="1">0</subfield>
    <subfield code="4">0</subfield>
    <subfield code="7">0</subfield>
    <subfield code="a">BCEJYS</subfield>
    <subfield code="b">BCEJYS</subfield>
    <subfield code="c">17</subfield>
    <subfield code="d">1979-02-01</subfield>
    <subfield code="h">Vol. 12, N&#xBA; 1 - feb. 1979</subfield>
    <subfield code="l">0</subfield>
    <subfield code="o">H330 EUR v12.n1 Ej.2</subfield>
    <subfield code="p">R06491</subfield>
    <subfield code="r">2026-04-10 16:07:20</subfield>
    <subfield code="w">2026-04-10</subfield>
    <subfield code="y">RN</subfield>
  </datafield>
  <datafield tag="952" ind1=" " ind2=" ">
    <subfield code="0">0</subfield>
    <subfield code="1">0</subfield>
    <subfield code="4">0</subfield>
    <subfield code="7">0</subfield>
    <subfield code="a">BCEJYS</subfield>
    <subfield code="b">BCEJYS</subfield>
    <subfield code="c">17</subfield>
    <subfield code="d">1978-12-01</subfield>
    <subfield code="h">Vol. 11, N&#xBA; 4 - dic. 1978</subfield>
    <subfield code="l">0</subfield>
    <subfield code="o">H330 EUR v11.n4</subfield>
    <subfield code="p">R06489</subfield>
    <subfield code="r">2026-04-10 16:07:20</subfield>
    <subfield code="w">2026-04-10</subfield>
    <subfield code="y">RN</subfield>
  </datafield>
  <datafield tag="952" ind1=" " ind2=" ">
    <subfield code="0">0</subfield>
    <subfield code="1">0</subfield>
    <subfield code="4">0</subfield>
    <subfield code="7">0</subfield>
    <subfield code="a">BCEJYS</subfield>
    <subfield code="b">BCEJYS</subfield>
    <subfield code="c">17</subfield>
    <subfield code="d">1978-10-01</subfield>
    <subfield code="h">Vol. 11, N&#xBA; 3 - oct. 1978</subfield>
    <subfield code="l">0</subfield>
    <subfield code="o">H330 EUR v11.n3</subfield>
    <subfield code="p">R06486</subfield>
    <subfield code="r">2026-04-10 16:07:20</subfield>
    <subfield code="w">2026-04-10</subfield>
    <subfield code="y">RN</subfield>
  </datafield>
  <datafield tag="952" ind1=" " ind2=" ">
    <subfield code="0">0</subfield>
    <subfield code="1">0</subfield>
    <subfield code="4">0</subfield>
    <subfield code="7">0</subfield>
    <subfield code="a">BCEJYS</subfield>
    <subfield code="b">BCEJYS</subfield>
    <subfield code="c">17</subfield>
    <subfield code="d">1978-08-01</subfield>
    <subfield code="h">Vol. 11, N&#xBA; 2 - ago. 1978</subfield>
    <subfield code="l">0</subfield>
    <subfield code="o">H330 EUR v11.n2</subfield>
    <subfield code="p">R06488</subfield>
    <subfield code="r">2026-04-10 16:07:20</subfield>
    <subfield code="w">2026-04-10</subfield>
    <subfield code="y">RN</subfield>
  </datafield>
  <datafield tag="952" ind1=" " ind2=" ">
    <subfield code="0">0</subfield>
    <subfield code="1">0</subfield>
    <subfield code="4">0</subfield>
    <subfield code="7">0</subfield>
    <subfield code="a">BCEJYS</subfield>
    <subfield code="b">BCEJYS</subfield>
    <subfield code="c">17</subfield>
    <subfield code="d">1978-05-01</subfield>
    <subfield code="h">Vol. 11, N&#xBA; 1 - may. 1978</subfield>
    <subfield code="l">0</subfield>
    <subfield code="o">H330 EUR v11.n1</subfield>
    <subfield code="p">R06485</subfield>
    <subfield code="r">2026-04-10 16:07:20</subfield>
    <subfield code="w">2026-04-10</subfield>
    <subfield code="y">RN</subfield>
  </datafield>
  <datafield tag="952" ind1=" " ind2=" ">
    <subfield code="0">0</subfield>
    <subfield code="1">0</subfield>
    <subfield code="4">0</subfield>
    <subfield code="7">0</subfield>
    <subfield code="a">BCEJYS</subfield>
    <subfield code="b">BCEJYS</subfield>
    <subfield code="c">17</subfield>
    <subfield code="d">1977-12-01</subfield>
    <subfield code="h">Vol. 10, N&#xBA; 3 - dic. 1977</subfield>
    <subfield code="l">0</subfield>
    <subfield code="o">H330 EUR v10.n3</subfield>
    <subfield code="p">R06484</subfield>
    <subfield code="r">2026-04-10 16:07:20</subfield>
    <subfield code="w">2026-04-10</subfield>
    <subfield code="y">RN</subfield>
  </datafield>
  <datafield tag="952" ind1=" " ind2=" ">
    <subfield code="0">0</subfield>
    <subfield code="1">0</subfield>
    <subfield code="4">0</subfield>
    <subfield code="7">0</subfield>
    <subfield code="a">BCEJYS</subfield>
    <subfield code="b">BCEJYS</subfield>
    <subfield code="c">17</subfield>
    <subfield code="d">1977-11-01</subfield>
    <subfield code="h">Vol. 10, N&#xBA; 2 - nov. 1977</subfield>
    <subfield code="l">0</subfield>
    <subfield code="o">H330 EUR v10.n2</subfield>
    <subfield code="p">R06483</subfield>
    <subfield code="r">2026-04-10 16:07:20</subfield>
    <subfield code="w">2026-04-10</subfield>
    <subfield code="y">RN</subfield>
  </datafield>
  <datafield tag="952" ind1=" " ind2=" ">
    <subfield code="0">0</subfield>
    <subfield code="1">0</subfield>
    <subfield code="4">0</subfield>
    <subfield code="7">0</subfield>
    <subfield code="a">BCEJYS</subfield>
    <subfield code="b">BCEJYS</subfield>
    <subfield code="c">17</subfield>
    <subfield code="d">1977-10-01</subfield>
    <subfield code="h">Vol. 10, N&#xBA; 1 - oct. 1977</subfield>
    <subfield code="l">0</subfield>
    <subfield code="o">H330 EUR v10.n1</subfield>
    <subfield code="p">R06482</subfield>
    <subfield code="r">2026-04-10 16:07:20</subfield>
    <subfield code="w">2026-04-10</subfield>
    <subfield code="y">RN</subfield>
  </datafield>
  <datafield tag="952" ind1=" " ind2=" ">
    <subfield code="0">0</subfield>
    <subfield code="1">0</subfield>
    <subfield code="4">0</subfield>
    <subfield code="7">0</subfield>
    <subfield code="a">BCEJYS</subfield>
    <subfield code="b">BCEJYS</subfield>
    <subfield code="c">17</subfield>
    <subfield code="d">1977-08-01</subfield>
    <subfield code="h">Vol. 9, N&#xBA; 3 - ago. 1977</subfield>
    <subfield code="l">0</subfield>
    <subfield code="o">H330 EUR v9.n3</subfield>
    <subfield code="p">R06481</subfield>
    <subfield code="r">2026-04-10 16:07:20</subfield>
    <subfield code="w">2026-04-10</subfield>
    <subfield code="y">RN</subfield>
  </datafield>
  <datafield tag="952" ind1=" " ind2=" ">
    <subfield code="0">0</subfield>
    <subfield code="1">0</subfield>
    <subfield code="4">0</subfield>
    <subfield code="7">0</subfield>
    <subfield code="a">BCEJYS</subfield>
    <subfield code="b">BCEJYS</subfield>
    <subfield code="c">17</subfield>
    <subfield code="d">1977-05-01</subfield>
    <subfield code="h">Vol. 9, N&#xBA; 2 - may. 1977</subfield>
    <subfield code="l">0</subfield>
    <subfield code="o">H330 EUR v9.n2</subfield>
    <subfield code="p">R06480</subfield>
    <subfield code="r">2026-04-10 16:07:20</subfield>
    <subfield code="w">2026-04-10</subfield>
    <subfield code="y">RN</subfield>
  </datafield>
  <datafield tag="952" ind1=" " ind2=" ">
    <subfield code="0">0</subfield>
    <subfield code="1">0</subfield>
    <subfield code="4">0</subfield>
    <subfield code="7">0</subfield>
    <subfield code="a">BCEJYS</subfield>
    <subfield code="b">BCEJYS</subfield>
    <subfield code="c">17</subfield>
    <subfield code="d">1977-04-01</subfield>
    <subfield code="h">Vol. 9, N&#xBA; 1 - abr. 1977</subfield>
    <subfield code="l">0</subfield>
    <subfield code="o">H330 EUR v9.n1</subfield>
    <subfield code="p">R06479</subfield>
    <subfield code="r">2026-04-10 16:07:20</subfield>
    <subfield code="w">2026-04-10</subfield>
    <subfield code="y">RN</subfield>
  </datafield>
  <datafield tag="952" ind1=" " ind2=" ">
    <subfield code="0">0</subfield>
    <subfield code="1">0</subfield>
    <subfield code="4">0</subfield>
    <subfield code="7">0</subfield>
    <subfield code="a">BCEJYS</subfield>
    <subfield code="b">BCEJYS</subfield>
    <subfield code="c">17</subfield>
    <subfield code="d">1976-12-01</subfield>
    <subfield code="h">Vol. 8, N&#xBA; 4 - dic. 1976</subfield>
    <subfield code="l">0</subfield>
    <subfield code="o">H330 EUR v8.n4</subfield>
    <subfield code="p">R06478</subfield>
    <subfield code="r">2026-04-10 16:07:20</subfield>
    <subfield code="w">2026-04-10</subfield>
    <subfield code="y">RN</subfield>
  </datafield>
  <datafield tag="952" ind1=" " ind2=" ">
    <subfield code="0">0</subfield>
    <subfield code="1">0</subfield>
    <subfield code="4">0</subfield>
    <subfield code="7">0</subfield>
    <subfield code="a">BCEJYS</subfield>
    <subfield code="b">BCEJYS</subfield>
    <subfield code="c">17</subfield>
    <subfield code="d">1976-10-01</subfield>
    <subfield code="h">Vol. 8, N&#xBA; 3 - oct. 1976</subfield>
    <subfield code="l">0</subfield>
    <subfield code="o">H330 EUR v8.n3</subfield>
    <subfield code="p">R06477</subfield>
    <subfield code="r">2026-04-10 16:07:20</subfield>
    <subfield code="w">2026-04-10</subfield>
    <subfield code="y">RN</subfield>
  </datafield>
  <datafield tag="952" ind1=" " ind2=" ">
    <subfield code="0">0</subfield>
    <subfield code="1">0</subfield>
    <subfield code="4">0</subfield>
    <subfield code="7">0</subfield>
    <subfield code="a">BCEJYS</subfield>
    <subfield code="b">BCEJYS</subfield>
    <subfield code="c">17</subfield>
    <subfield code="d">1976-08-01</subfield>
    <subfield code="h">Vol. 8, N&#xBA; 2 - ago. 1976</subfield>
    <subfield code="l">0</subfield>
    <subfield code="o">H330 EUR v8.n2</subfield>
    <subfield code="p">R06476</subfield>
    <subfield code="r">2026-04-10 16:07:20</subfield>
    <subfield code="w">2026-04-10</subfield>
    <subfield code="y">RN</subfield>
  </datafield>
  <datafield tag="952" ind1=" " ind2=" ">
    <subfield code="0">0</subfield>
    <subfield code="1">0</subfield>
    <subfield code="4">0</subfield>
    <subfield code="7">0</subfield>
    <subfield code="a">BCEJYS</subfield>
    <subfield code="b">BCEJYS</subfield>
    <subfield code="c">17</subfield>
    <subfield code="d">1976-06-01</subfield>
    <subfield code="h">Vol. 8, N&#xBA; 1 - jun. 1976</subfield>
    <subfield code="l">0</subfield>
    <subfield code="o">H330 EUR v8.n1</subfield>
    <subfield code="p">R06475</subfield>
    <subfield code="r">2026-04-10 16:07:20</subfield>
    <subfield code="w">2026-04-10</subfield>
    <subfield code="y">RN</subfield>
  </datafield>
  <datafield tag="952" ind1=" " ind2=" ">
    <subfield code="0">0</subfield>
    <subfield code="1">0</subfield>
    <subfield code="4">0</subfield>
    <subfield code="7">0</subfield>
    <subfield code="a">BCEJYS</subfield>
    <subfield code="b">BCEJYS</subfield>
    <subfield code="c">17</subfield>
    <subfield code="d">1976-05-01</subfield>
    <subfield code="h">Vol. 7, N&#xBA; 4 - may. 1976</subfield>
    <subfield code="l">0</subfield>
    <subfield code="o">H330 EUR v7.n4</subfield>
    <subfield code="p">R06474</subfield>
    <subfield code="r">2026-04-10 16:07:20</subfield>
    <subfield code="w">2026-04-10</subfield>
    <subfield code="y">RN</subfield>
  </datafield>
  <datafield tag="952" ind1=" " ind2=" ">
    <subfield code="0">0</subfield>
    <subfield code="1">0</subfield>
    <subfield code="4">0</subfield>
    <subfield code="7">0</subfield>
    <subfield code="a">BCEJYS</subfield>
    <subfield code="b">BCEJYS</subfield>
    <subfield code="c">17</subfield>
    <subfield code="d">1976-04-01</subfield>
    <subfield code="h">Vol. 7, N&#xBA; 3 - abr. 1976</subfield>
    <subfield code="l">0</subfield>
    <subfield code="o">H330 EUR v7.n3</subfield>
    <subfield code="p">R06473</subfield>
    <subfield code="r">2026-04-10 16:07:20</subfield>
    <subfield code="w">2026-04-10</subfield>
    <subfield code="y">RN</subfield>
  </datafield>
  <datafield tag="952" ind1=" " ind2=" ">
    <subfield code="0">0</subfield>
    <subfield code="1">0</subfield>
    <subfield code="4">0</subfield>
    <subfield code="7">0</subfield>
    <subfield code="a">BCEJYS</subfield>
    <subfield code="b">BCEJYS</subfield>
    <subfield code="c">17</subfield>
    <subfield code="d">1976-02-01</subfield>
    <subfield code="h">Vol. 7, N&#xBA; 2 - feb. 1976</subfield>
    <subfield code="l">0</subfield>
    <subfield code="o">H330 EUR v7.n2</subfield>
    <subfield code="p">R06472</subfield>
    <subfield code="r">2026-04-10 16:07:20</subfield>
    <subfield code="w">2026-04-10</subfield>
    <subfield code="y">RN</subfield>
  </datafield>
  <datafield tag="952" ind1=" " ind2=" ">
    <subfield code="0">0</subfield>
    <subfield code="1">0</subfield>
    <subfield code="4">0</subfield>
    <subfield code="7">0</subfield>
    <subfield code="a">BCEJYS</subfield>
    <subfield code="b">BCEJYS</subfield>
    <subfield code="c">17</subfield>
    <subfield code="d">1976-01-01</subfield>
    <subfield code="h">Vol. 7, N&#xBA; 1 - ene. 1976</subfield>
    <subfield code="l">0</subfield>
    <subfield code="o">H330 EUR v7.n1</subfield>
    <subfield code="p">R06471</subfield>
    <subfield code="r">2026-04-10 16:07:20</subfield>
    <subfield code="w">2026-04-10</subfield>
    <subfield code="y">RN</subfield>
  </datafield>
</record>
